000 00485nam a22001817a 4500
003 CEME
005 20210628201738.0
008 210216b xxu||||| |||| 00| 0 eng d
020 _a0-19-509320-8
040 _c.
082 _a532.05 POZ
100 _aPozrikidis, C
_956638
245 _aIntroduction to theoretical and computational fluid dynamics
260 _aNEW YORK
_bOXFORD UNIVERSITY PRESS
_c1997
300 _aX,675P
650 _aFLUID DYNAMICS
_91384
942 _cBK
_2ddc
999 _c567011
_d567011